Combined Country Names - Europe - Statistics

General Stats
  • This quiz has been taken 52 times
  • The average score is 41 of 46
Answer Stats
Combined Separated % Correct
Albium Albania
98%
Germany
98%
Icetria Iceland
98%
Latway Latvia
98%
Norway
98%
Bosuania Bosnia and Herzegovina
95%
Croden Croatia
95%
Czance Czechia
95%
Firmany Finland
95%
France
95%
Gressia Greece
95%
Hunegro Hungary
95%
Iredom Ireland
95%
Itrino Italy
95%
Liechtenstein
95%
Luxestein Luxembourg
95%
Monaco
95%
Polovo Poland
95%
Romarus Romania
95%
Ukrain Ukraine
95%
Bulgark Bulgaria
93%
Montenegro
93%
Netherlands
93%
Pordorra Portugal
93%
Andorra
91%
Denmark
91%
Estenia Estonia
91%
Moldaco Moldova
91%
Belarus
89%
Kosovo
89%
Lithuania
89%
Macedonia
89%
San Marino
89%
Serlands Serbia
89%
Slovekia Slovakia
89%
Belgium
86%
Vaterland Vatican City
86%
Slovenia
84%
Spain
80%
Sweden
80%
United Kingdom
80%
Maldonia Malta
77%
Russia
75%
Switzerland
70%
Austria
66%
Slovenia
52%
No matching quizzes found
Score Distribution
Percent of People with Each Score
Percentile by Number Answered
Your Score History
You have not taken this quiz